| 000 | 01044nac a22003257a 4500 | ||
|---|---|---|---|
| 001 | BR8704153 | ||
| 003 | BR-BrBNA | ||
| 005 | 20240105120523.0 | ||
| 008 | 230509b bl.|||m| |||| 00| 0 por d | ||
| 040 |
_aBR-BrBNA _bpor _cBiblioteca Nacional de Agricultura |
||
| 072 | _aL70 | ||
| 090 | _a5400 BR8704153 | ||
| 100 | 1 | _aNovaes, A.P. de | |
| 100 | 1 | _aBugner, M. | |
| 100 | 1 | _aRuzza, F.J. de | |
| 100 | 1 | _aParanhos, N.E. | |
| 110 | 1 | _aUnidade de Execucao de Pesquisa de Ambito Estadual de Sao Carlos, SP (Brasil) | |
| 245 | 1 | _aEquipamentos para contencao farmacologica de animais | |
| 260 | 3 |
_aSao Carlos, SP (Brasil): _c1986. |
|
| 300 | _a43 p. | ||
| 490 |
_aCircular Tecnica - Unidade de Execucao de Pesquisa de Ambito Estadual de Sao Carlos (Brazil) _vno. 2 _xISSN 0102-2520 |
||
| 500 | _a22 ref.; 13 illus. | ||
| 650 | _aEQUIPAMENTO PECUARIO | ||
| 650 | _aCONTENCAO DE ANIMAL | ||
| 650 | _aFARMACOLOGIA | ||
| 650 | _aCAO | ||
| 650 | _aGATO | ||
| 909 |
_a202312 _bLúcia Elande _c55 _dLúcia Elande |
||
| 942 |
_2AGRIS _n0 _cMS |
||
| 999 |
_c279920 _d279920 |
||